Odd one out: the world flags - Statistics

General Stats
  • This quiz has been taken 58 times
  • The average score is 3 of 7
Answers on the Grid
Answers color-coded by a green-red scale on the quiz's grid according to % correct below.
Colombia
Sweden
Argentina
Indonesia
China
Pakistan
Usa
Venezuela
Sweden
Tuvalu
Fiji
United Kingdom
Brazil
Somalia
Saudi Arabia
Libya
Thailand
Poland
Indonesia
Monaco
Palau
Japan
El Salvador
Bangladesh
Sweden
Norway
Finland
Denmark
 
Answer Stats
Answer % Correct
Sweden
67%
Indonesia
60%
Pakistan
53%
El Salvador
27%
Thailand
27%
Norway
20%
Somalia
20%
No matching quizzes found
Score Distribution
Percent of People with Each Score
Percentile by Number Answered
Your Score History
You have not taken this quiz